Analýza dane z pridanej hodnoty a jej vplyv na rozvoj podnikania v SR po vstupe do EÚ diplomová práca

Na minha lista:
Detalhes bibliográficos
Autor principal: Sokolík, Marek
Autor Corporativo: Fakulta podnikového manažmentu EU. Katedra podnikových financií
Outros Autores: Lénártová, Gizela
Formato: Livro
Idioma:eslovaco
Publicado em: Bratislava 2008
Tags: Adicionar Tag
Sem tags, seja o primeiro a adicionar uma tag!

MARC

LEADER 00000nam$a2200000$$$4500
001 0088963
005 20240201114734.7
041 0 |a slo 
044 |a SK 
245 1 0 |a Analýza dane z pridanej hodnoty a jej vplyv na rozvoj podnikania v SR po vstupe do EÚ  |b diplomová práca  |c Marek Sokolík ; škol. Gizela Lénártová 
264 1 |a Bratislava  |c 2008 
300 |a 77 s. 
100 1 |a Sokolík, Marek 
700 1 |a Lénártová, Gizela 
710 2 |a Fakulta podnikového manažmentu EU. Katedra podnikových financií